000 00395nam a22001457a 4500
003 OSt
005 20160919105258.0
008 160919b xxu||||| |||| 00| 0 eng d
020 _a0380975602
040 _cN/A
100 _aStillman Deanne
245 _aTwentynine palms
_bAtrue story of murder Marines and the Mojave
260 _aNewYork
_bHarperCollins publishere
_c2000
942 _2lcc
_cBK
999 _c255214
_d255213